Wonderful Loire Valley castles / (Запис № 567570)
[ простий вигляд ]
| 000 -LEADER | |
|---|---|
| fixed length control field | 01403cam a2200313Ia 4500 |
| 001 - CONTROL NUMBER | |
| control field | wonderfulloireva00pole |
| 003 - CONTROL NUMBER IDENTIFIER | |
| control field | CaSfIA |
| 005 - DATE AND TIME OF LATEST TRANSACTION | |
| control field | 20210119123646.0 |
| 007 - PHYSICAL DESCRIPTION FIXED FIELD--GENERAL INFORMATION | |
| fixed length control field | cr|||| |
| 008 - FIXED-LENGTH DATA ELEMENTS--GENERAL INFORMATION | |
| fixed length control field | 971205s1996 fr ab 000 0 eng d |
| 040 ## - CATALOGING SOURCE | |
| Original cataloging agency | COV |
| Transcribing agency | COV |
| Modifying agency | OCL |
| -- | OCLCQ |
| -- | YDXCP |
| -- | CaSfIA |
| 020 ## - INTERNATIONAL STANDARD BOOK NUMBER | |
| International Standard Book Number | 2737319668 |
| 020 ## - INTERNATIONAL STANDARD BOOK NUMBER | |
| International Standard Book Number | 9782737319662 |
| 035 ## - SYSTEM CONTROL NUMBER | |
| System control number | (OCoLC)38047374 |
| 043 ## - GEOGRAPHIC AREA CODE | |
| Geographic area code | e-fr--- |
| 092 ## - LOCALLY ASSIGNED DEWEY CALL NUMBER (OCLC) | |
| Classification number | 914.4 |
| Item number | P758w, 1996 |
| 100 1# - MAIN ENTRY--PERSONAL NAME | |
| Personal name | Polette, René. |
| 245 10 - TITLE STATEMENT | |
| Title | Wonderful Loire Valley castles / |
| Medium | [electronic resource] |
| Statement of responsibility, etc | René Polette ; photographs by Hervé Champollion ; translated by Angela Moyon. |
| 260 ## - PUBLICATION, DISTRIBUTION, ETC. (IMPRINT) | |
| Place of publication, distribution, etc | [Rennes] : |
| Name of publisher, distributor, etc | Éditions Quest-France, |
| Date of publication, distribution, etc | c1996. |
| 300 ## - PHYSICAL DESCRIPTION | |
| Extent | 125 p. : |
| Other physical details | ill., map ; |
| Dimensions | 26 cm. |
| 506 ## - RESTRICTIONS ON ACCESS NOTE | |
| Standardized terminology for access restriction | Необхідна авторизація на https://archive.org/ (створення облікового запису безкоштовно) |
| 506 ## - RESTRICTIONS ON ACCESS NOTE | |
| Standardized terminology for access restriction | Необхідна авторизація на https://openlibrary.org/ (створення облікового запису безкоштовно) |
| 651 #0 - SUBJECT ADDED ENTRY--GEOGRAPHIC NAME | |
| Geographic name | Loire River Valley (France) |
| Form subdivision | Pictorial works. |
| 650 #0 - SUBJECT ADDED ENTRY--TOPICAL TERM | |
| Topical term or geographic name as entry element | Castles |
| Geographic subdivision | France |
| -- | Loire River Valley |
| Form subdivision | Pictorial works. |
| 650 #0 - SUBJECT ADDED ENTRY--TOPICAL TERM | |
| Topical term or geographic name as entry element | Architecture |
| Geographic subdivision | France |
| -- | Loire River Valley |
| Form subdivision | Pictorial works. |
| 700 1# - ADDED ENTRY--PERSONAL NAME | |
| Personal name | Champollion, Hervé. |
| 856 41 - ELECTRONIC LOCATION AND ACCESS | |
| Uniform Resource Identifier | <a href="http://www.archive.org/details/wonderfulloireva00pole">http://www.archive.org/details/wonderfulloireva00pole</a> |
| Public note | Free eBook from the Internet Archive |
| 942 ## - ADDED ENTRY ELEMENTS (KOHA) | |
| Koha item type | ЕКнига |
Немає доступних примірників.